000
00278nam a22001097a 4500
999
_c
5242
_d
5242
008
250828b ||||| |||| 00| 0 eng d
020
_a
9781338047837
082
_a
741.5 STE
100
_a
STEINKE,ARON NELS
_e
AUTHOR
_l
ENGLISH
245
_a
MR.WOLF'S CLASS
_b
LUCKY STARS
942
_2
ddc